| 000 | 00733nam a2200241 i 4500 | ||
|---|---|---|---|
| 001 | 14928 | ||
| 003 | ES-MaACL | ||
| 005 | 20250821111647.0 | ||
| 007 | t| | ||
| 008 | 991118s1998 sp ||||1| spa d | ||
| 020 | _a84-375-0465-1 | ||
| 080 | _a929 Felipe (460) II | ||
| 080 | _a946.0"1556/98" | ||
| 100 | 1 |
_aPierson, Peter. _991971 |
|
| 245 | 1 | 0 |
_aFelipe II de España / _cPeter Pierson. |
| 250 | _a1ª reimp. FCE-España. | ||
| 260 |
_aMadrid : _bF.C.E. de España, _c1998. |
||
| 300 |
_a319 p., [22] p. de lám. ; _c21 cm. |
||
| 600 | 0 | 4 |
_aFelipe _bII, _cRey de España _949175 |
| 651 | 4 |
_aEspaña- _xHistoria- _y1556-1598, Felipe II. _98218 |
|
| 852 |
_aES-MaACL _jL-22208 _bR.127554 |
||
| 999 |
_c14928 _d14928 |
||